000 00593nam a2200229Ia 4500
003 OSt
005 20221006164556.0
006 a|||||r|||| 00| 0
007 ta
008 221006b |||||||| |||| 00| 0 eng d
024 _a485
037 _cTextual
040 _aFML
_cFML
_beng
041 _2eng
_aeng
082 _aO31, 1B9:g, 15L2
100 _aDeshikan S N Srirama Au.
245 0 _aPattu Ppattu
260 _aChannei
_bAuthor
_c1972
300 _a36
_ccm.
942 _hO31, 1B9:g, 15L2
_cTEXL
_2CC
999 _c1117731
_d1117731